<?xml version="1.0" encoding="UTF-8"?>
<record
    xmlns:xsi="http://www.w3.org/2001/XMLSchema-instance"
    xsi:schemaLocation="http://www.loc.gov/MARC21/slim http://www.loc.gov/standards/marcxml/schema/MARC21slim.xsd"
    xmlns="http://www.loc.gov/MARC21/slim">

  <leader>00680naa a22001697i 4500</leader>
  <controlfield tag="001">9272</controlfield>
  <controlfield tag="003">KOSZ 005</controlfield>
  <controlfield tag="005">20180322100913.0</controlfield>
  <controlfield tag="008">160308s2008        ||||| ||||0|| 0 pol  </controlfield>
  <datafield tag="040" ind1=" " ind2=" ">
    <subfield code="c">KOSZ 005/EG</subfield>
    <subfield code="a">KOSZ 005</subfield>
  </datafield>
  <datafield tag="041" ind1="0" ind2=" ">
    <subfield code="a">pol</subfield>
  </datafield>
  <datafield tag="100" ind1="1" ind2=" ">
    <subfield code="a">SKRZYPNIAK, Ryszard.</subfield>
    <subfield code="d">1996 - .</subfield>
    <subfield code="b">Politechnika Koszali&#x144;ska - Wydzia&#x142; Mechaniczny,</subfield>
    <subfield code="c">Katedra Nauk Pedagogicznych</subfield>
  </datafield>
  <datafield tag="245" ind1="1" ind2="0">
    <subfield code="a">Wieloaspektowo&#x15B;&#x107; czasu w obszarze psychopedagogiki /</subfield>
    <subfield code="c">Ryszard Skrzypniak.</subfield>
  </datafield>
  <datafield tag="650" ind1=" " ind2="0">
    <subfield code="a">Pedagogika.</subfield>
  </datafield>
  <datafield tag="773" ind1="0" ind2=" ">
    <subfield code="i">W:</subfield>
    <subfield code="t">Czas jako warto&#x15B;&#x107; we wsp&#xF3;&#x142;czesnej pedagogice / pod red. Waldemara Furmanka. - </subfield>
    <subfield code="d">Rzesz&#xF3;w : Wydawnictwo O&#x15B;wiatowe Fosze, 2008. -</subfield>
    <subfield code="g">s. 212-218</subfield>
  </datafield>
  <datafield tag="942" ind1=" " ind2=" ">
    <subfield code="c">ROZ</subfield>
    <subfield code="2">UKD</subfield>
  </datafield>
  <datafield tag="999" ind1=" " ind2=" ">
    <subfield code="c">9272</subfield>
    <subfield code="d">9272</subfield>
  </datafield>
</record>
